000 00324nam a22001217a 4500
020 _a9780521426145
082 _222
_a808.042
100 _aWaters, Mary and Waters, Alan.
245 _aStudy tasks in english /
260 _aUK,
_bCambridge University Press,
_cc1995.
300 _aix, 214p. ;
_bill. ;
_c24 cm.
942 _2ddc
_cIT
999 _c2464
_d2464